LEADER 01422nam a2200313 a 4500 001 000000129749 003 CaOOAMICUS 005 20120720100624.0 008 120720s2012 fr u000 u fre r 020 $a978-2-7453-2378-1 040 $aPUL$bita 082 04$a270 100 1 $aDumont, Martin.$0(OLS)http://pul/name/83075 245 13$aLe saint-siège et l'organisation politique des catholiques français aux lendemains du ralliement 1890-1902 /$cMartin Dumont. 260 $aParis :$bHonoré Champion,$c2012. 300 $a555 p. ;$c24 cm 490 1 $aSaggi$aBibliothèque d'études des mondes chrétiens ;$v01 500 $aInclude indice. 504 $aBibliografia p. [513]-539. 650 4$aChiesa$xStoria$zFrancia$ySec. XIX.$0(OLS)http://pul/subject/13730 830 0$aBibliothèque d'études des mondes chrétiens ;$v01.$0(OLS)http://pul/title/164002 850 $aPUL 852 $aPUL$W1$xSL Religione 3$y85$m270 DUMMA 1$j150205$qDDC 21$B148773$CPULBib$Z2$F148773 $H120559 $82 941 1 $a9 996 $6020$a978-2-7453-2378-1$9(OLS)http://pul/number/150337 996 $6082$a270$9(OLS)http://pul/classification/472 996 $6245$aLe saint-siège et l'organisation politique des catholiques français aux lendemains du ralliement 1890-1902$9(OLS)http://pul/title/164001 996 $6260$aParis :$bHonoré Champion$9(OLS)http://pul/publisher/58004 LEADER 00919naa a2200217 u 4500 001 000000099227 003 CaOOAMICUS 005 20070226130157.0 008 050928s1987 it u000 u ita u 035 $a11060550 040 $aIAR$bita 100 1 $aRuggieri, Giuseppe.$0(OLS)http://pul/name/7192 245 10$aAlcuni usi dell'Antico Testamento nella controversia gregoriana /$cGiuseppe Ruggieri. 260 $aBologna :$bEd. Dehoniane,$c1987. 300 $aS. 51-91 ;$c22 cm 650 4$aInvestiture, Lotta delle.$0(OLS)http://pul/subject/8352 730 0 $aCristianesimo nella storia$g[Spogli].$0(OLS)http://pul/title/7312 773 0 $aCristianesimo nella storia ;.$tvol. VIII/1 (1987) 773 0 $tCristianesimo nella storia$w()5012 996 $6245$aAlcuni usi dell'Antico Testamento nella controversia gregoriana$9(OLS)http://pul/title/126106 996 $6260$aBologna :$bEd. Dehoniane$9(OLS)http://pul/publisher/48282